Score 0/16 Timer 03:00
2 Plays Today
% Correct
Fjord
90.8%
Ski
90.4%
Slalom
89.6%
Krill
88.1%
Berserk
87.8%
Lemming
86.8%
Uff da
77.3%
Lutefisk
75.3%
% Correct
Floe
74.2%
Aquavit
65.4%
Lefse
55%
Quisling
49.3%
Telemark
38.3%
Klister
36.1%
Brisling
30.7%
Yngling
26.2%
Remove Ads.
Support Sporcle.
Get the best of Sporcle when you Go Orange. This ad-free experience offers more features, more stats, and more fun while also helping to support Sporcle. Thank you for becoming a member.

You're not logged in!

Compare scores with friends on all Sporcle quizzes.
OR
Log In

Show Comments

Extras

Top Quizzes Today


Score Distribution

Your Account Isn't Verified!

In order to create a playlist on Sporcle, you need to verify the email address you used during registration. Go to your Sporcle Settings to finish the process.

Report this User

Report this user for behavior that violates our Community Guidelines.

Details: